Music Quiz

Random Music or Kpop Quiz

KPOP SHIPS (MALE) Quiz Stats

 Plays Quiz not verified by Sporcle

Score 0/77 Timer 10:00
0 Plays Today
% Correct
chanbaek
87.5%
jikook
84.1%
namjin
82.3%
markson
73.8%
chansoo
71.4%
2min
69.4%
namkook
67.5%
jihope
66.9%
kaisoo
62.7%
hunhan
62.1%
2jae
61.5%
chenmin
60.9%
showki
58.7%
neo
55.6%
meanie
54.6%
nammin
54.2%
2won
52.6%
eunhae
52%
taegi
49.8%
jeongcheol
49.4%
joohyuk
49.2%
vhope
49.2%
binwoo
48.2%
jaedo
48.2%
vkook
47.6%
renle
47.2%
mjin
46.2%
markjin
45.4%
navi
45.2%
ongniel
45%
yugbam
44.2%
jren
43.8%
rockbin
41.5%
johnmark
41.5%
iljae
40.7%
jookyun
40.7%
soonhao
39.9%
jihan
38.9%
vmin
38.7%
% Correct
jaeno
37.7%
suchen
37.5%
sulay
37.3%
yoonmin
33.7%
hyukbin
33.3%
showhyuk
31.7%
wontaek
31.2%
verkwan
31%
yoonseok
30.2%
kimin
30%
juno
29.8%
raken
29.6%
rocksan
29.4%
junhao
28.2%
taoris
28%
markhyuk
27.6%
marksung
27.4%
layhan
27%
wonhyuk
26.8%
woogyu
25.4%
chensung
24%
myungyeol
23.6%
yuwin
22.6%
yadong
22.2%
zuwoon
22%
jaeseong
21.6%
kunwin
21.6%
rochan
20.8%
taeten
20%
jicheol
17.9%
takushin
17.1%
jaeyong
16.1%
minron
13.7%
daejae
13.5%
hwitae
12.3%
yusol
12.3%
hanjoo
8.5%
kyungjeong
4%

You're not logged in!

Compare scores with friends on all Sporcle quizzes.
OR
Log In

Sporcle TV

Today on Sporcle TV


Watch our educational content, quiz creation guides, and fun videos on Sporcle TV.

Show Comments

Extras

Created Feb 4, 2018ReportNominate
Tags:Kpop Quiz, Kpop Idol, Kpop Quiz, ship

Top Quizzes Today


Score Distribution

Your Account Isn't Verified!

In order to create a playlist on Sporcle, you need to verify the email address you used during registration. Go to your Sporcle Settings to finish the process.

Report this User

Report this user for behavior that violates our Community Guidelines.

Details: